| 000 | 01761nam a2200373 c 4500 | ||
|---|---|---|---|
| 003 | BLK | ||
| 005 | 20180420215448.0 | ||
| 008 | 180413b bul|||||r ||||||| ||bul|| | ||
| 010 | _aKNG00021531000 | ||
| 020 |
_a954-494-282-3 _bиздат.: Унив. изд. Стопанство |
||
| 040 | _aBLK | ||
| 041 |
_aBUL _cBUL |
||
| 080 |
_aФорми на предприятията в зависимост от отношението към собствеността... _b334.72 _x.003.2(075.8) _z334.72.003.2(075.8) |
||
| 080 |
_aФинанси на стопанските организации (вкл. финансиране и управление на финансите). Финанси на стопанския сектор _b336.6 _x(075.8) _z336.6(075.8) |
||
| 100 | 1 |
_aПетров, Георги Атанасов _eпърви автор _9249960 |
|
| 139 |
_aПетров, Георги Атанасов _bП 47 |
||
| 245 | 1 | 0 |
_aОснови на финансите на фирмата _cГеорги Атанасов Петров. |
| 250 | _a3. изд | ||
| 257 | _aBGR | ||
| 260 |
_аСофия _bУнив. изд. Стопанство _c1997 |
||
| 300 |
_a188 с. _bс табл., диагр. _c24 см |
||
| 380 | _a3 | ||
| 500 | _a1. изд. 1995 на изд. Труд и право. - Изд. на УНСС - София ; 1 000 тир | ||
| 650 | 4 |
_aФирми - финанси - управление _9249961 |
|
| 650 | 4 |
_aУправление - финансова дейност - фирми _9244592 |
|
| 653 | _aфинанси | ||
| 653 | _aинвестиции | ||
| 653 | _aбюджет | ||
| 852 | _aЦб 196363 | ||
| 856 | 4 |
_qpdf _u |
|
| 856 | 4 |
_qpdf _u |
|
| 942 |
_cKNG _n0 |
||
| 944 |
_aCR _c10.04.2003 _kГеновева_Генчева |
||
| 944 |
_aED _c27.09.2006 _k |
||
| 999 |
_c19405 _d19405 |
||